[Event "Tournament (juniors) (under 20)"]
[Site "masterchessopen.com Madrid (Spain)"]
[Round "2"]
[White "Martin Rueda Daniel (ESP)"]
[Black "Franco Alonso Alejandro (ESP)"]
[Result "0-1"]
[WhiteElo "2311"]
[BlackElo "2204"]

1.e4 c5 2.Nf3 e6 3.d4 cxd4 4.Nxd4 Nf6 5.Nc3 d6 6.Be2 a6 7.O-O Qc7 8.f4 Be7
9.Kh1 O-O 10.Qe1 b5 11.e5 Ne8 12.Bf3 Bb7 13.Bxb7 Qxb7 14.a3 Nc6 15.Nxc6 Qxc6
16.Qg3 Rc8 17.Be3 Bd8 18.Rad1 Kh8 19.Rd2 Bc7 20.Ne2 dxe5 21.fxe5 Nf6 22.Nd4
Qe4 23.Nf3 Qxe3 24.Qh4 Nd5 25.Rd4 Bxe5 26.Nxe5 Qxe5 27.Re4 Qxb2 {#R} 0-1

[Event "Ch Slovakia"]
[Site "masterchessopen.com Nove Zamky (Slovakia)"]
[Round "9"]
[White "Hagara Eduard (SVK)"]
[Black "Mrva Martin (SVK)"]
[Result "0-1"]
[WhiteElo "2329"]
[BlackElo "2441"]

1.e4 c5 2.Nf3 e6 3.d4 cxd4 4.Nxd4 a6 5.Nc3 Qc7 6.Be2 Nf6 7.O-O d6 8.Be3 Be7
9.f4 O-O 10.Kh1 Nbd7 11.Nb3 b5 12.Bf3 Bb7 13.a3 Rac8 14.Qd4 Rfe8 15.Rae1 Bf8
16.Re2 e5 17.Qd1 d5 18.g3 dxe4 19.Bg2 Bxa3 20.fxe5 Nxe5 21.bxa3 Qxc3 22.Bd4
Qc7 23.Qa1 e3 24.Rxe3 Bxg2+ 25.Kxg2 Qb7+ {#R} 0-1

[Event "It (open)"]
[Site "masterchessopen.com Paris (France)"]
[Round "7"]
[White "Plane Boris (FRA)"]
[Black "Marathee Eric (FRA)"]
[Result "1-0"]
[WhiteElo "2124"]
[BlackElo "2068"]

1.e4 c5 2.Nf3 d6 3.d4 cxd4 4.Nxd4 Nf6 5.Nc3 a6 6.Be2 e6 7.O-O Qc7 8.f4 Be7
9.Be3 Nc6 10.g4 O-O 11.g5 Nxd4 12.Qxd4 Nd7 13.f5 Rd8 14.Bh5 g6 15.fxe6 fxe6
16.Nd5 exd5 17.Qxd5+ Kh8 18.Rf7 Ne5 19.Bd4 Rf8 20.Raf1 Bh3 21.R1f3 Qxc2
22.Bxe5+ Kg8 23.Rg7+ Kh8 24.Rg8# 1-0

[Event "Ch Iceland"]
[Site "masterchessopen.com Reykjavik (Iceland)"]
[Round "11"]
[White "Gunnarsson Jon Viktor (ISL)"]
[Black "Bjarnason Saevar (ISL)"]
[Result "0-1"]
[WhiteElo "2411"]
[BlackElo "2309"]

1.e4 c5 2.Nf3 e6 3.d4 cxd4 4.Nxd4 Nf6 5.Nc3 d6 6.Be2 a6 7.O-O Qc7 8.f4 b5
9.Bf3 Bb7 10.a3 Nbd7 11.g4 Nc5 12.Qe2 Rc8 13.g5 Nfd7 14.Nd5 Qb8 15.Bd2 Qa8
16.Ba5 e5 17.b4 Na4 18.fxe5 Nxe5 19.Bh5 Bxd5 20.exd5 g6 21.Bg4 Rc4 22.Nc6
Rxg4+ 23.Qxg4 Nxg4 24.Rae1+ Ne5 25.Bc7 Be7 26.Nxe5 O-O 27.Nc6 Bxg5 28.Bxd6 Re8
29.Be5 Nb6 {#R} 0-1

[Event "Ch Puerto Rico"]
[Site "masterchessopen.com San Mateo (Puerto Rico)"]
[Round "0"]
[White "Montalvo Alejandro (PUR)"]
[Black "Santa Torres Juan (PUR)"]
[Result "0-1"]
[WhiteElo "2215"]
[BlackElo "2232"]

1.e4 c5 2.Nf3 e6 3.d4 cxd4 4.Nxd4 Nf6 5.Nc3 d6 6.Be2 a6 7.O-O Qc7 8.Be3 b5
9.a3 Bb7 10.Bd3 Nbd7 11.f4 Be7 12.Qf3 Nc5 13.Rae1 O-O 14.Bf2 Rfe8 15.Qh3 Nxd3
16.cxd3 Bf8 17.Nf3 Rac8 18.g4 Be7 19.Ng5 h6 20.Nf3 Nh7 21.Be3 d5 22.exd5 exd5
23.d4 Bxa3 24.Nd1 Bd6 25.Nh4 Qd7 26.Nf5 Rc2 27.Nf2 Bf8 28.Nd3 Bc8 29.Ne5 Qb7
30.g5 h5 31.g6 fxg6 32.Nxg6 Qf7 {#R} 0-1

[Event "Ch Spain (juniors)"]
[Site "masterchessopen.com Sevilla (Spain)"]
[Round "8"]
[White "Garcia Roman Daniel (ESP)"]
[Black "Franco Alonso Alejandro (ESP)"]
[Result "1-0"]
[WhiteElo "2246"]
[BlackElo "2204"]

1.e4 c5 2.Nf3 d6 3.d4 cxd4 4.Nxd4 Nf6 5.Nc3 e6 6.Be2 a6 7.O-O Qc7 8.Be3 b5
9.f4 b4 10.Na4 Nxe4 11.Bf3 Bb7 12.f5 e5 13.Nb3 Nd7 14.c3 bxc3 15.Rc1 Ndf6
16.Nxc3 Nxc3 17.Rxc3 Qd7 18.Nc5 dxc5 19.Qxd7+ Kxd7 20.Bxb7 Ra7 21.Rd1+ Kc7
22.Bf3 e4 23.Be2 Kc6 24.Rdc1 Nd5 25.Rxc5+ {#r} 1-0

[Event "It (open)"]
[Site "masterchessopen.com St. Lo (France)"]
[Round "1"]
[White "Yvon Eric (FRA)"]
[Black "Georgiev Krum (BUL)"]
[Result "0-1"]
[WhiteElo "1835"]
[BlackElo "2505"]

1.e4 c5 2.Nf3 d6 3.d4 cxd4 4.Nxd4 Nf6 5.Nc3 a6 6.Be2 e6 7.O-O Qc7 8.Be3 b5
9.a3 Bb7 10.Bd3 Nbd7 11.Qe2 Rc8 12.Rac1 Be7 13.f4 O-O 14.Rf3 Ng4 15.Rg3 Nxe3
16.Qxe3 Bf6 17.Nde2 Qc5 18.Qxc5 Nxc5 19.h3 g6 20.Kh2 Rfd8 21.Rf1 Bg7 22.h4 a5
23.Kh3 b4 24.axb4 axb4 25.Na2 Nxe4 26.Bxe4 Bxe4 27.Nxb4 Bxc2 28.Nc3 Bf5+
29.Kh2 d5 30.Nd1 Rc4 31.Nd3 Rd4 32.Nc1 Rc8 33.Nb3 Rb4 34.Re3 Bc2 {#R} 0-1

[Event "Ch Switzerland (team)"]
[Site "masterchessopen.com Switzerland"]
[Round "0"]
[White "Bieri Christian (SUI)"]
[Black "Milosevic Goran (SUI)"]
[Result "1-0"]
[WhiteElo "2120"]
[BlackElo "2348"]

1.e4 c5 2.Nf3 e6 3.d4 cxd4 4.Nxd4 a6 5.Nc3 Qc7 6.Be2 Nf6 7.O-O d6 8.a4 Nc6
9.Be3 Be7 10.Kh1 O-O 11.f4 Rb8 12.Qe1 Re8 13.Qg3 Bf8 14.Rad1 Nd7 15.f5 Kh8
16.fxe6 fxe6 17.Bh5 Re7 18.Bg5 Nf6 19.Nxc6 bxc6 20.e5 dxe5 21.Ne4 h6 22.Nxf6
Bb7 23.Ng4 hxg5 24.Bg6 {#r} 1-0

[Event "It (open) \"]
[Site "masterchessopen.com Timishoara (Romania)"]
[Round "0"]
[White "Bode Dorel Ion (ROM)"]
[Black "Andriana Anca (ROM)"]
[Result "0-1"]
[WhiteElo "2062"]
[BlackElo "2103"]

1.e4 c5 2.Nf3 d6 3.d4 cxd4 4.Nxd4 Nf6 5.Nc3 a6 6.Be2 Qc7 7.O-O e6 8.Kh1 Be7
9.f4 b5 10.a3 Bb7 11.Bd3 Nbd7 12.Qe2 Nc5 13.Bd2 O-O 14.Rf3 Qb6 15.Nb3 Nxd3
16.cxd3 Rfd8 17.Rg3 Rac8 18.e5 Nd7 19.Ne4 Bxe4 20.dxe4 dxe5 21.Ba5 Qb7 22.Bxd8
Bxd8 23.fxe5 Nxe5 24.Rc1 Nc4 25.Rd3 Bf6 26.Rc2 Qb8 27.Nd2 Nxb2 28.Rxc8+ Qxc8
29.Rf3 Qc1+ 30.Nf1 Nc4 31.Rd3 h6 32.h3 Nxa3 33.e5 Bg5 34.g3 {#R} 0-1

[Event "It (open)"]
[Site "masterchessopen.com Ubeda (Spain)"]
[Round "4"]
[White "Garcia Martinez Silvino (CUB)"]
[Black "Sasikiran Krishnan (IND)"]
[Result "1-0"]
[WhiteElo "2445"]
[BlackElo "2536"]

1.e4 c5 2.Nf3 d6 3.d4 cxd4 4.Nxd4 Nf6 5.Nc3 e6 6.Be2 a6 7.O-O Qc7 8.f4 Nc6
9.Be3 Be7 10.Kh1 Bd7 11.a4 Rc8 12.Nb3 O-O 13.a5 Be8 14.Bf3 Nb4 15.Rf2 Bc6
16.Qe1 Qb8 17.Nd4 Rfe8 18.Qd2 Bd7 19.g4 e5 20.Nf5 Bxf5 21.gxf5 Nd7 22.Rg2 Kh8
23.Rag1 Bf6 24.fxe5 Rxe5 25.Rg3 Rg8 26.Ne2 Nc6 27.Nf4 Ree8 28.Rh3 Nce5 29.Bh5
Nf8 30.Bd4 g6 31.Nd5 Bd8 32.Qh6 Rg7 33.f6 Rg8 34.Bxg6 Nexg6 35.Ne7 {#r} 1-0

[Event "It (open) \"]
[Site "masterchessopen.com Eforie Nord (Romania)"]
[Round "0"]
[White "Tusu Nicolae-Dan (ROM)"]
[Black "Dinu Dumitru-Daniel (ROM)"]
[Result "1-0"]
[WhiteElo "2095"]
[BlackElo "2225"]

1.e4 c5 2.Nf3 e6 3.d4 cxd4 4.Nxd4 a6 5.Nc3 Qc7 6.Be2 Nf6 7.O-O d6 8.f4 Be7
9.Kh1 O-O 10.Bf3 Nbd7 11.g4 Ne8 12.g5 g6 13.f5 Ne5 14.Bg2 b5 15.a3 Bd8 16.Bf4
Ng7 17.Bh3 Qa7 18.fxe6 fxe6 19.Bxe5 Rxf1+ 20.Bxf1 Bxg5 21.Nc6 Qf2 22.Qxd6 Ne8
23.Ne7+ Kf7 24.Qc6 Nf6 25.Nxc8 Rxc8 26.Qxc8 Ng4 27.Bg2 Ne3 28.Qd7+ Be7 29.Rf1
Nxf1 30.Bd6 {#r} 1-0

[Event "It (young masters)"]
[Site "masterchessopen.com Hania (Greece)"]
[Date "1999.08.27"]
[Round "8"]
[White "Papathanasiou Panayotis (GRE)"]
[Black "Patsourakis Aggelos (GRE)"]
[Result "0-1"]
[WhiteElo "2131"]
[BlackElo "2058"]

1.e4 c5 2.Nf3 e6 3.d4 cxd4 4.Nxd4 Nf6 5.Nc3 d6 6.Be2 a6 7.O-O Qc7 8.Be3 b5
9.Bf3 Bb7 10.Qd3 Nbd7 11.Ndxb5 axb5 12.Nxb5 Qb8 13.Qc3 Nc5 14.Bxc5 dxc5
15.Rfd1 Bxe4 16.Bxe4 Nxe4 17.Qd3 Nf6 18.Qf3 Ra6 19.Qd3 Rb6 20.c4 Be7 21.a4 O-O
22.a5 Ra6 23.Qf3 Rd8 24.Rxd8+ Qxd8 25.Rd1 Qxa5 26.Qb7 Bf8 27.h3 Ra8 28.Rd3
Qe1+ 29.Kh2 Ra1 30.Rd8 Qe5+ 31.g3 Qe2 32.Rxf8+ Kxf8 33.Qc8+ Ne8 34.Kg2 Qe4+
{#R} 0-1

[Event "Ch Europe (juniors) (under 20) (g)"]
[Site "masterchessopen.com Aviles (Spain)"]
[Round "11"]
[White "Stojanovic Nadezda (SRB)"]
[Black "Grzincic Tihana (CRO)"]
[Result "0-1"]
[WhiteElo "2146"]
[BlackElo "2026"]

1.e4 c5 2.Nf3 e6 3.d4 cxd4 4.Nxd4 Nf6 5.Nc3 d6 6.Be2 a6 7.O-O Qc7 8.Be3 b5
9.a3 Bb7 10.Bd3 Be7 11.f4 O-O 12.Qf3 Nc6 13.Qh3 Nxd4 14.Bxd4 e5 15.fxe5 dxe5
16.Qg3 Bc5 17.Bxc5 Qxc5+ 18.Kh1 Kh8 19.Rf5 Rae8 20.Raf1 Re6 21.Qh4 Qe7 22.Ne2
Nxe4 23.Rh5 Qxh4 24.Rxh4 Nf6 25.Ng3 g6 26.c4 Rd6 27.Be2 bxc4 28.Bxc4 Kg7
29.Be2 Nd5 30.Ne4 Rb6 31.b4 Nf4 32.Bf3 Bxe4 33.Bxe4 f5 {#R} 0-1

[Event "Ch Europe (team) (juniors) (under 18)"]
[Site "masterchessopen.com Balatonlelle (Hungary)"]
[Round "3"]
[White "Efimenko Zahar (UKR)"]
[Black "Szabo Gergely (HUN)"]
[Result "1-0"]
[WhiteElo "2432"]
[BlackElo "2284"]

1.e4 c5 2.Nf3 d6 3.d4 cxd4 4.Nxd4 Nf6 5.Nc3 e6 6.Be2 a6 7.O-O Qc7 8.f4 Nc6
9.Be3 Be7 10.Kh1 O-O 11.Qe1 Nxd4 12.Bxd4 b5 13.a3 Bb7 14.Qg3 Bc6 15.Rae1 Rae8
16.e5 dxe5 17.Bxe5 Qc8 18.Bd3 g6 19.f5 exf5 20.Bxf5 Qb7 21.Bd3 Nd7 22.Bf4 Bf6
23.Bd6 Rxe1 24.Rxe1 Rd8 25.Qf2 Kg7 26.Ne4 Bxe4 27.Bxe4 Qc8 28.Bd5 a5 29.c3 Qa6
30.Bc7 Rc8 31.Bf4 Nc5 32.Qe3 Ne6 33.Bh6+ Kg8 34.Qf3 Nc5 35.Re7 {#r} 1-0

[Event "Cup Doeberl"]
[Site "masterchessopen.com Canberra (Australia)"]
[Round "4"]
[White "Quick Simon (AUS)"]
[Black "Allen Andrew (AUS)"]
[Result "0-1"]
[WhiteElo "2170"]
[BlackElo "2260"]

1.e4 c5 2.Nf3 d6 3.d4 cxd4 4.Nxd4 Nf6 5.Nc3 e6 6.Be2 a6 7.O-O Qc7 8.Be3 b5
9.a3 Bb7 10.Bd3 Be7 11.f4 Nc6 12.Nxc6 Bxc6 13.f5 e5 14.Nd5 Qb7 15.Nxf6+ gxf6
16.Qd2 Bxe4 17.Bxe4 Qxe4 18.Rad1 Rg8 19.Rf2 O-O-O 20.a4 b4 21.Bb6 Rd7 22.Re1
Qc6 23.a5 d5 24.c3 Qc4 25.Rc1 b3 26.Qe3 Bf8 27.Rd1 Rg4 28.Rd4 Rxd4 29.cxd4 Re7
30.Rf1 exd4 31.Qf4 d3 32.Rc1 {#R} 0-1

[Event "It (open) \"]
[Site "masterchessopen.com Germany"]
[Round "4"]
[White "Wittmann Paul (GER)"]
[Black "Dobosz Henryk (POL)"]
[Result "0-1"]
[WhiteElo "2129"]
[BlackElo "2381"]

1.e4 c5 2.Nf3 e6 3.Nc3 a6 4.d4 cxd4 5.Nxd4 Qc7 6.Be2 Nf6 7.O-O d6 8.f4 Nc6
9.Be3 Be7 10.a4 O-O 11.g4 Nxd4 12.Bxd4 e5 13.Be3 exf4 14.Rxf4 Be6 15.Nd5 Bxd5
16.exd5 Nd7 17.Bd4 Bf6 18.Rxf6 Nxf6 19.c4 Nd7 20.Qd3 Rae8 21.Rf1 Nc5 22.Qf3
Qe7 23.b4 Qxe2 24.bxc5 Qxf3 25.Rxf3 Re4 {#R} 0-1

[Event "Tournament"]
[Site "masterchessopen.com Guanabara (Brazil)"]
[Round "7"]
[White "Teixeira Ricardo Da Silva (BRA)"]
[Black "Beringuy Alexandre (BRA)"]
[Result "1-0"]
[WhiteElo "2341"]
[BlackElo "2090"]

1.e4 c5 2.Nf3 d6 3.d4 cxd4 4.Nxd4 Nf6 5.Nc3 e6 6.Be2 a6 7.O-O Qc7 8.Bg5 Nbd7
9.Bh5 Qc4 10.Nxe6 Qxe6 11.Nd5 Kd8 12.Bg4 Qe5 13.f4 Qxe4 14.Re1 Qc4 15.Bxd7
Bxd7 16.Nxf6 gxf6 17.Bxf6+ Kc7 18.Bxh8 Bh6 19.Qd4 Qc6 20.Re7 Rg8 21.g3 Kd8
22.Bf6 Kc8 23.Rae1 {#r} 1-0

[Event "Ch Hungary (team) 2000/01 (2 liga)"]
[Site "masterchessopen.com Hungary"]
[Round "1"]
[White "Papp Z Csaba (HUN)"]
[Black "Kovacs Adrian (HUN)"]
[Result "1-0"]
[WhiteElo "2224"]
[BlackElo "2203"]

1.e4 c5 2.Nf3 e6 3.d4 cxd4 4.Nxd4 a6 5.Nc3 Qc7 6.Be2 Nf6 7.O-O d6 8.f4 Be7
9.Be3 Nc6 10.Qe1 Bd7 11.Nb3 b5 12.a3 O-O 13.g4 h6 14.Rd1 Nh7 15.Qg3 g5 16.Nd4
gxf4 17.Qxf4 Nxd4 18.Rxd4 e5 19.Qxh6 exd4 20.Bxd4 f6 21.Nd5 Qd8 22.g5 Rf7
23.Kh1 Bf8 24.Qg6+ Rg7 25.gxf6 Be8 26.Qf5 Bd7 27.Qf4 Rf7 28.Rg1+ Kh8 29.Ne7
Bh6 30.Qxh6 {#r} 1-0

[Event "Oz.com qualifier (blitz)"]
[Site "masterchessopen.com Internet"]
[Round "6"]
[White "Busquets Luis (USA)"]
[Black "Bolanos Vizcarra Felix (MEX)"]
[Result "1-0"]
[WhiteElo "2252"]
[BlackElo "2166"]

1.e4 c5 2.Nf3 e6 3.d4 cxd4 4.Nxd4 Nf6 5.Nc3 d6 6.Be2 a6 7.O-O Qc7 8.Be3 Nc6
9.f4 Be7 10.Qe1 Nxd4 11.Bxd4 b5 12.a4 b4 13.Na2 a5 14.c3 bxc3 15.Nxc3 O-O
16.Rc1 Ba6 17.Nd5 Qd8 18.Bb6 Qe8 19.Nc7 Qb8 20.Nxa8 Qxa8 21.Bxa6 Nxe4 22.Bb5
d5 23.Qxa5 Bc5+ 24.Rxc5 Qxa5 25.Bxa5 {#r} 1-0

[Event "It (open)"]
[Site "masterchessopen.com Isla Bello Caribe"]
[Round "0"]
[White "Castella Fausto (ESP)"]
[Black "Ibanez Dagoberto (CUB)"]
[Result "1-0"]
[WhiteElo "2318"]
[BlackElo "2279"]

1.e4 c5 2.Nf3 e6 3.d4 cxd4 4.Nxd4 a6 5.Nc3 Qc7 6.Be2 Nf6 7.O-O d6 8.f4 Be7
9.Kh1 Nc6 10.Be3 O-O 11.Qe1 Re8 12.Qg3 Nd7 13.f5 Bf6 14.fxe6 fxe6 15.Bh5 Re7
16.Nxc6 bxc6 17.Bg5 Bxg5 18.Qxg5 Ne5 19.Rf4 Bb7 20.Raf1 c5 21.Nd1 Bc6 22.Ne3
h6 23.Qg3 Qb7 24.Ng4 Nxg4 25.Qxg4 Qxb2 26.Bf7+ Kh8 27.Bxe6 Ree8 28.Qg6 Bb5
29.Bf5 Kg8 30.Qh7+ Kf7 31.Bd7+ Ke7 32.Rf7+ Kd8 33.Bxe8 Bxe8 34.Rxg7 {#r} 1-0

[Event "It (open)"]
[Site "masterchessopen.com Lausanne (Switzerland)"]
[Round "1"]
[White "Zelcic Robert (CRO)"]
[Black "Kruck Daniel (GER)"]
[Result "1-0"]
[WhiteElo "2457"]
[BlackElo "2152"]

1.e4 c5 2.Nf3 e6 3.d4 cxd4 4.Nxd4 a6 5.Nc3 Qc7 6.Be2 Nf6 7.O-O d6 8.f4 Nbd7
9.Kh1 b5 10.Bf3 Bb7 11.Qe2 Rc8 12.e5 Bxf3 13.Nxf3 dxe5 14.fxe5 Ng4 15.Ng5
Ngxe5 16.Nxf7 b4 17.Nxh8 bxc3 18.Qh5+ g6 19.Qxh7 Qc4 20.Bg5 cxb2 21.Rad1 Qe2
22.Rxf8+ Kxf8 23.Bh6+ Ke8 24.Qg8+ Ke7 25.Bg5+ Nf6 26.Nxg6+ Nxg6 27.Qg7+ Ke8
28.Qxg6+ Kf8 29.Bh6+ {#r} 1-0

[Event "It (open)"]
[Site "masterchessopen.com Sant Boi (Spain)"]
[Round "6"]
[White "Rafols Albet Josep (ESP)"]
[Black "Sanchez Mayor Jose (ESP)"]
[Result "1-0"]
[WhiteElo "2087"]
[BlackElo "1959"]

1.e4 c5 2.Nf3 d6 3.d4 cxd4 4.Nxd4 Nf6 5.Nc3 a6 6.Be2 e6 7.O-O Qc7 8.Kh1 b5
9.a3 Bb7 10.f3 Nbd7 11.Qe1 h5 12.Qh4 g6 13.Bg5 Bg7 14.Rad1 Nh7 15.Ndxb5 axb5
16.Nxb5 Qxc2 17.Nxd6+ Kf8 18.Be7+ Kg8 19.Bb5 Ba6 20.Bxa6 Rxa6 21.Nxf7 Bf6
22.Bxf6 Ndxf6 23.Nxh8 Kxh8 24.e5 Nd5 25.Rc1 Qe2 26.Rfe1 Qb5 27.g4 Qd3 28.Qd8+
Kg7 29.Rc7+ Kh6 30.g5+ Nxg5 31.Qf8# 1-0

[Event "It (open)"]
[Site "masterchessopen.com Surfers Paradise (Australia)"]
[Round "5"]
[White "Tindall Brett (AUS)"]
[Black "Allen Andrew (AUS)"]
[Result "0-1"]
[WhiteElo "2214"]
[BlackElo "2260"]

1.e4 c5 2.Nf3 e6 3.d4 cxd4 4.Nxd4 Nf6 5.Nc3 d6 6.Be2 a6 7.O-O Qc7 8.Be3 b5
9.a3 Bb7 10.Bd3 Be7 11.f4 Nc6 12.Kh1 Rc8 13.Qf3 O-O 14.Qg3 Nd7 15.Rae1 Bf6
16.Nxc6 Bxc6 17.e5 dxe5 18.fxe5 Bxe5 19.Bf4 Bxf4 20.Rxf4 g6 21.Qg5 Rce8 22.Rh4
f5 23.a4 Nc5 24.axb5 Nxd3 25.cxd3 axb5 26.d4 Qd6 27.Re3 Ra8 28.Ne2 Ra1+ 29.Ng1
f4 30.Ra3 f3 31.Rxa1 fxg2+ 32.Qxg2 Bxg2+ 33.Kxg2 Qd5+ 34.Kg3 Qb3+ 35.Kg4 Qxb2
{#R} 0-1

[Event "Ch Asia"]
[Site "masterchessopen.com Udaipur (India)"]
[Round "1"]
[White "Prasad Devaki V (IND)"]
[Black "Sasikiran Krishnan (IND)"]
[Result "0-1"]
[WhiteElo "2431"]
[BlackElo "2573"]

1.e4 c5 2.Nf3 d6 3.d4 cxd4 4.Nxd4 Nf6 5.Nc3 e6 6.Be2 a6 7.O-O Qc7 8.a4 b6 9.f4
Bb7 10.Bf3 Nbd7 11.Kh1 Be7 12.Qe1 Rd8 13.Bd2 O-O 14.g4 d5 15.exd5 Bc5 16.dxe6
Rfe8 17.Nce2 fxe6 18.g5 Bxd4 19.Nxd4 e5 20.gxf6 exd4 21.Qg3 Nxf6 22.Bxb7 Qxb7+
23.Qg2 Qc7 24.Rac1 Rd7 25.f5 Rde7 26.Bf4 Qd7 27.Bg5 Re2 28.Qf3 Ne4 29.Bf4 Qxa4
30.Kg1 Qb5 31.Rcd1 Rxc2 32.Rxd4 Qc5 {#R} 0-1

[Event "Sub-zt"]
[Site "masterchessopen.com Valencia (Venezuela)"]
[Round "6"]
[White "Blanco Cristobal J (VEN)"]
[Black "Matthews Shane (JAM)"]
[Result "1-0"]
[WhiteElo "2185"]
[BlackElo "2258"]

1.e4 c5 2.Nf3 e6 3.d4 cxd4 4.Nxd4 Nf6 5.Nc3 d6 6.Be2 a6 7.O-O Qc7 8.Kh1 Nbd7
9.f4 b5 10.Bf3 Bb7 11.e5 dxe5 12.fxe5 Nxe5 13.Bf4 Nfd7 14.Re1 b4 15.Rxe5 Nxe5
16.Bxe5 Qxe5 17.Bxb7 Rd8 18.Bc6+ Ke7 19.Nce2 f6 20.Ba4 Kf7 21.Bb3 Bc5 22.c3
bxc3 23.bxc3 Rd6 24.Qf1 Rhd8 25.Re1 Bxd4 26.Nxd4 Qc5 27.Qe2 Qc8 28.h3 g6
29.Qe3 Qd7 30.Re2 Qc8 31.Qh6 Kg8 32.Qf4 Qd7 33.Qxf6 Qf7 34.Qe5 Qe7 35.Nxe6
{#r} 1-0

[Event "It (open) (a)"]
[Site "masterchessopen.com Voronezh (Russia)"]
[Round "5"]
[White "Mikhalenko Andrey (RUS)"]
[Black "Gulkov Igor A (RUS)"]
[Result "0-1"]
[WhiteElo "2162"]
[BlackElo "2492"]

1.e4 c5 2.Nf3 d6 3.d4 cxd4 4.Nxd4 Nf6 5.Nc3 a6 6.Be2 e6 7.O-O Qc7 8.Bg5 Be7
9.Qd3 Nbd7 10.Qg3 b5 11.a3 Bb7 12.Bxf6 Bxf6 13.Rad1 O-O 14.Bg4 Nc5 15.Rfe1 Qe7
16.Re2 Rfd8 17.Nb3 Bxc3 18.Nxc5 Be5 19.f4 Bxf4 20.Qxf4 dxc5 21.Red2 Rxd2
22.Rxd2 Rd8 23.e5 Bd5 24.Be2 Qc7 25.c4 bxc4 26.Rc2 Qb8 27.g3 Qb3 28.Qc1 h6
29.Rc3 Qb7 30.Bxc4 Bxc4 31.Rxc4 Qf3 {#R} 0-1

[Event "Ch Baden (juniors) (under 18)"]
[Site "masterchessopen.com Baden (Germany)"]
[Round "5"]
[White "Hofrichter Jens (GER)"]
[Black "Schlippe Axel (GER)"]
[Result "1-0"]
[WhiteElo "2139"]
[BlackElo "2022"]

1.e4 c5 2.Nf3 d6 3.d4 cxd4 4.Nxd4 Nf6 5.Nc3 a6 6.Be2 e6 7.O-O Qc7 8.f4 b5 9.a3
Bb7 10.Bf3 Be7 11.Kh1 O-O 12.g4 Nfd7 13.g5 Nc6 14.Nde2 Rfd8 15.Bg2 Nb6 16.Ng3
Na5 17.f5 e5 18.f6 Bf8 19.fxg7 Bxg7 20.Nf5 Bf8 21.Nd5 Nxd5 22.exd5 Bc8 23.Be4
Qc4 24.Qf3 Ra7 25.Be3 Rb7 26.Bb6 Rxb6 27.Nh6+ {#r} 1-0

[Event "Ch Czech Republic (juniors) (team) 2000/01"]
[Site "masterchessopen.com Czech Republic"]
[Round "8"]
[White "Brezovsky Milan (CZE)"]
[Black "Faifr Ladislav (CZE)"]
[Result "0-1"]
[WhiteElo "2092"]
[BlackElo "2066"]

1.e4 c5 2.Nf3 e6 3.d4 cxd4 4.Nxd4 a6 5.Nc3 Qc7 6.Be2 Nf6 7.O-O d6 8.f4 Nc6
9.Be3 Bd7 10.Qd2 Be7 11.Rad1 Nxd4 12.Bxd4 O-O 13.e5 dxe5 14.fxe5 Ne8 15.Qe3
Bc6 16.Bb6 Qc8 17.Qg3 Bb5 18.Bxb5 axb5 19.Ne4 Qc6 20.Qe3 Nc7 21.Bxc7 Qxc7
22.Nd6 Qc6 23.Rf2 Bd8 24.a3 Bb6 25.Qe2 f6 26.exf6 Rxf6 27.Ne4 Rxf2 28.Nxf2 Rf8
29.Rf1 Qd5 30.Qd3 Qe5 31.g3 Rxf2 32.Rxf2 Qe1+ 33.Qf1 Bxf2+ 34.Kg2 Qxf1+
35.Kxf1 {#R} 0-1

[Event "It (cat.9)"]
[Site "masterchessopen.com Dos Hermanas (Spain)"]
[Round "8"]
[White "Moreno Carnero Javier (ESP)"]
[Black "Spraggett Kevin (CAN)"]
[Result "0-1"]
[WhiteElo "2514"]
[BlackElo "2541"]

1.e4 c5 2.Nf3 e6 3.d4 cxd4 4.Nxd4 a6 5.Be2 Nf6 6.Nc3 Qc7 7.O-O d6 8.f4 Be7
9.Kh1 O-O 10.a4 b6 11.Bf3 Bb7 12.f5 e5 13.Nb3 h6 14.g4 Nh7 15.Be3 Nd7 16.Qd2
Rfc8 17.Rac1 Qd8 18.Nd5 Bg5 19.c4 Bxd5 20.Bxg5 Nxg5 21.Qxd5 Nxf3 22.Rxf3 Nf6
23.Qd3 b5 24.Rg1 bxc4 25.Qe3 cxb3 26.g5 hxg5 27.Qxg5 Kf8 28.Qxg7+ Ke7 29.Rh3
d5 30.Rh6 Rc6 31.Qg3 Qd6 32.Qxb3 Rac8 33.Qe3 dxe4 {#R} 0-1

[Event "Bayern Oberliga 2001/02"]
[Site "masterchessopen.com Germany"]
[Round "1"]
[White "Lickleder Andreas (AUT)"]
[Black "Herb Stefan (GER)"]
[Result "0-1"]
[WhiteElo "2279"]
[BlackElo "2162"]

1.e4 c5 2.Nf3 e6 3.Nc3 a6 4.d4 cxd4 5.Nxd4 Qc7 6.Be2 Nf6 7.O-O d6 8.f4 Nbd7
9.Bf3 Be7 10.Kh1 Rb8 11.Qe1 O-O 12.Qg3 Re8 13.Bd2 Bf8 14.Rae1 e5 15.Nf5 Kh8
16.Qh4 b5 17.a3 b4 18.axb4 Rxb4 19.Nd1 Rb8 20.Bc3 Nc5 21.fxe5 dxe5 22.b3 a5
23.Nfe3 Ba6 24.Rg1 Ne6 25.Nd5 Nxd5 26.exd5 Nf4 27.Be4 h6 28.Qg4 Bc8 29.Qg3 f5
30.Bf3 Bd6 31.Qh4 Kh7 32.g3 g5 {#R} 0-1

[Event "It (open) (juniors) (under 20)"]
[Site "masterchessopen.com Hengelo (Netherlands)"]
[Round "6"]
[White "Konijn Bart (NED)"]
[Black "Sewambar Ashwin (TPE)"]
[Result "1-0"]
[WhiteElo "2227"]
[BlackElo "2084"]

1.e4 c5 2.Nf3 e6 3.d4 cxd4 4.Nxd4 a6 5.Nc3 Qc7 6.Be2 Nf6 7.O-O d6 8.a4 Nc6
9.Be3 Be7 10.Kh1 O-O 11.f4 Re8 12.Bf3 Bd7 13.Qe1 Bf8 14.Rd1 g6 15.Qg3 Bg7
16.e5 dxe5 17.fxe5 Qxe5 18.Bf4 Qa5 19.Nb3 Qf5 20.Bg5 Qe5 21.Bxf6 Qxf6 22.Bxc6
{#r} 1-0

[Event "It (open) (juniors) (under 20)"]
[Site "masterchessopen.com Hengelo (Netherlands)"]
[Round "4"]
[White "Michielsen Joost (NED)"]
[Black "Sewambar Ashwin (TPE)"]
[Result "0-1"]
[WhiteElo "2118"]
[BlackElo "2084"]

1.e4 c5 2.Nf3 e6 3.Nc3 a6 4.d4 cxd4 5.Nxd4 Qc7 6.Be2 Nf6 7.O-O d6 8.f4 Be7
9.Be3 O-O 10.a4 Nc6 11.Kh1 Re8 12.Nb3 b6 13.Bf3 Bb7 14.g4 Bf8 15.g5 Nd7 16.Bg2
g6 17.Qg4 Nb4 18.Rac1 Re7 19.Bd4 e5 20.Bg1 exf4 21.Qxf4 Bg7 22.Rf3 Rf8 23.Qh4
f5 24.exf5 Bxf3 25.Bxf3 Rxf5 26.Be4 Bxc3 27.bxc3 Qc4 28.Bd4 Rf1+ {#R} 0-1

[Event "Memorial J.Kochan (open)"]
[Site "masterchessopen.com Koszalin (Poland)"]
[Round "4"]
[White "Glazik Malgorzata (POL)"]
[Black "Maka Magdalena (POL)"]
[Result "1-0"]
[WhiteElo "2151"]
[BlackElo "2088"]

1.e4 c5 2.Nf3 e6 3.d4 cxd4 4.Nxd4 Nf6 5.Nc3 d6 6.Be2 a6 7.O-O Qc7 8.f4 b5
9.Bf3 Bb7 10.e5 dxe5 11.fxe5 Nfd7 12.Bf4 Bc5 13.Kh1 Bxf3 14.Qxf3 Ra7 15.Nf5
exf5 16.e6 Ne5 17.exf7+ Qxf7 18.Bxe5 O-O 19.Rad1 Nd7 20.Bg3 g6 21.Nd5 Raa8
22.b4 Bb6 23.Bd6 Rfe8 24.Ne7+ Kg7 25.Qc3+ Qf6 26.Qc6 Rad8 27.Nd5 Qe6 28.Nxb6
Nxb6 29.Qxb6 Qc4 30.Be5+ {#r} 1-0

[Event "Ch Netherlands (juniors) (under 16)"]
[Site "masterchessopen.com Nijmegen (Netherlands)"]
[Round "5"]
[White "De Wind Joris (NED)"]
[Black "Van Assendelft Floris (NED)"]
[Result "1-0"]
[WhiteElo "2114"]
[BlackElo "2376"]

1.e4 c5 2.Nf3 d6 3.d4 cxd4 4.Nxd4 Nf6 5.Nc3 a6 6.Be2 e6 7.O-O Qc7 8.a4 b6 9.f4
Bb7 10.Bf3 Be7 11.g4 Nc6 12.Be3 Na5 13.g5 Nc4 14.Bc1 Nd7 15.Bg2 Qc5 16.Kh1 g6
17.b3 Ne3 18.Bxe3 Qxc3 19.Nf5 Qb4 20.c3 Qxc3 21.Bd4 Qb4 22.Bxh8 gxf5 23.exf5
Bxg2+ 24.Kxg2 exf5 25.Rc1 Nc5 26.Qd5 Qe4+ 27.Qxe4 fxe4 28.Rc3 Kd7 29.Bd4 a5
30.Rd1 Ke6 31.Rh3 Rc8 32.Rh6+ Kd7 33.Rxh7 Ne6 34.Rxf7 Rc2+ 35.Kg3 {#r} 1-0